History of Sindh (Record no. 11681)
[ view plain ]
| 000 -LEADER | |
|---|---|
| fixed length control field | 00314nam a22001217a 4500 |
| 082 ## - DEWEY DECIMAL CLASSIFICATION NUMBER | |
| Classification number | ZAR |
| 100 ## - MAIN ENTRY--AUTHOR NAME | |
| Personal name | Zardaari Muhammad Laiq |
| 245 ## - TITLE STATEMENT | |
| Title | History of Sindh |
| 260 ## - PUBLICATION, DISTRIBUTION, ETC. (IMPRINT) | |
| Place of publication | Moro |
| Name of publisher | Sindh Historical and Cultural Socity |
| 300 ## - PHYSICAL DESCRIPTION | |
| Number of Pages | 340 |
| 500 ## - GENERAL NOTE | |
| General note | Bilawal Institute of Historical Research , Nawabshah |
| 942 ## - ADDED ENTRY ELEMENTS (KOHA) | |
| Koha item type | Books |
| Withdrawn status | Lost status | Home library | Current library | Date acquired | Cost, normal purchase price | Full call number | Accession Number | Koha item type |
|---|---|---|---|---|---|---|---|---|
| Central Library, QUEST, Nawabshah | Central Library, QUEST, Nawabshah | 23/12/2014 | 400.00 | ZAR | 38843 | Books | ||
| Central Library, QUEST, Nawabshah | Reference Section | 23/12/2014 | 400.00 | ZAR | 38842 | Books |